|
|
|
|
| LEADER |
01697nam a2200445 a 4500 |
| 001 |
EBC624759 |
| 003 |
MiAaPQ |
| 005 |
20191030193400.0 |
| 006 |
m o d | |
| 007 |
cr cn||||||||| |
| 008 |
100920s2011 njua sbf 001 0 eng d |
| 010 |
|
|
|z 2010039910
|
| 020 |
|
|
|z 9780470670149 (hbk.)
|
| 020 |
|
|
|z 9780470670149
|
| 020 |
|
|
|a 9780470976180 (electronic bk.)
|
| 020 |
|
|
|a 9780470710791 (electronic bk.)
|
| 020 |
|
|
|a 9780470710784 (electronic bk.)
|
| 020 |
|
|
|a 9780470976180 (electronic bk.)
|
| 035 |
|
|
|a (MiAaPQ)EBC624759
|
| 035 |
|
|
|a (Au-PeEL)EBL624759
|
| 035 |
|
|
|a (CaPaEBR)ebr10469779
|
| 035 |
|
|
|a (CaONFJC)MIL291391
|
| 035 |
|
|
|a (OCoLC)695982103
|
| 040 |
|
|
|a MiAaPQ
|c MiAaPQ
|d MiAaPQ
|
| 050 |
|
4 |
|a HD49
|b .D44 2011
|
| 082 |
0 |
4 |
|a 658.4/056
|2 22
|
| 245 |
0 |
4 |
|a The definitive handbook of business continuity management
|h [electronic resource] /
|c edited by Andrew Hiles.
|
| 250 |
|
|
|a 3rd ed.
|
| 260 |
|
|
|a Hoboken, N.J. :
|b Wiley,
|c c2011.
|
| 300 |
|
|
|a xxxiv, 798 p. :
|b ill.
|
| 504 |
|
|
|a Includes bibliographical references and index.
|
| 505 |
0 |
|
|a section 1. Achieving and maintaining business continuity : an executive overview -- section 2. Planning for business continuity : a 'how-to' guide.
|
| 533 |
|
|
|a Electronic reproduction. Ann Arbor, MI : ProQuest, 2016. Available via World Wide Web. Access may be limited to ProQuest affiliated libraries.
|
| 650 |
|
0 |
|a Crisis management.
|
| 650 |
|
0 |
|a Emergency management.
|
| 650 |
|
0 |
|a Business planning.
|
| 655 |
|
4 |
|a Electronic books.
|
| 700 |
1 |
|
|a Hiles, Andrew.
|
| 710 |
2 |
|
|a ProQuest (Firm)
|
| 856 |
4 |
0 |
|u https://ebookcentral.proquest.com/lib/matrademy/detail.action?docID=624759
|z Click to View
|